• 首页
  • 本馆介绍
  • 公告通知
  • 最新文献
  • 馆藏检索
  • 电子资源
  • 读者导购
  • 参考咨询
  • 我的图书馆
  • 登录
  • 详细信息显示
  • 放入我的书架
  • 预约/预借图书
  • 作者相关作品
  • 分类相关作品
  • 丛书相关作品
  • 出版社相关作品

书目信息

  • 表格格式
  • 工作单格式
  • 卡片格式
题名:
优生学
    
 
作者: 万钫 著
分册:  
出版信息: 北京   北京师范大学出版社  1994
页数: 216页
开本: 20cm
丛书名:
单 册:
中图分类: I242.43 , G61
科图分类: 44.565
主题词: 古典小说--中国--明代--少年读物 , 章回小说--中国--明代--少年读物 , 长篇小说--中国--明代--少年读物 , 教育--各级
电子资源:
ISBN: 7-303-03527-3
000 00780nam0 2200277 45
001 1573656764
005 20150126203210.57
010    @a7-303-03527-3@dCNY4.90
100    @a19940719d1994 bcmy0chiy0121 ea
101 0  @achi
102    @aCN@b110000
105    @af z 000zy
200 12 @a优生学@Ayou sheng xue@f万钫著@Fwan fang zhu
210    @a北京@c北京师范大学出版社@d1994
215    @a216页@c插图@d20cm
540 1  @a水浒 故事@ASHUI HU GU SHI
606    @a古典小说@y中国@z明代@x少年读物
606    @a章回小说@y中国@z明代@x少年读物
606    @a长篇小说@y中国@z明代@x少年读物
606 0  @a教育@x各级
690    @aI242.43@v三版
690    @aG61@v4
692    @a44.565
701  0 @a万钫@Awan fang@4著
801  0 @aCN@bTSSF@c20150126
905    @aZUCC@dG61@eJY19
    
    优生学/万钫著.-北京:北京师范大学出版社,1994
    216页:插图;20cm
    
    
    ISBN 7-303-03527-3:CNY4.90
    
●
相关链接 在E读中查询图书 在五车中查询图书 在当当中查询图书 在豆瓣中查询图书


正题名:优生学     索取号:G61/JY19         预约/预借

序号 登录号 条形码 馆藏地/架位号 状态 备注
1 7861190   278611904   学院路分馆/ [索取号:G61/JY19] 在馆    
2 7861191   278611913   学院路分馆/ [索取号:G61/JY19] 在馆    
3 7861192   278611922   学院路分馆/ [索取号:G61/JY19] 在馆    
4 7861193   278611931   学院路分馆/ [索取号:G61/JY19] 在馆    
唐山师范学院图书馆 欢迎您!
大连网信软件有限公司© 版权所有